99 Nights in the forest Entities - Statistics

General Stats
  • This quiz has been taken 61 times
  • The average score is 18 of 30
Answer Stats
Type Entity % Correct
Monsters Deer
87%
Missing Children Dino Kid
87%
Missing Children Koala Kid
84%
Monsters Owl
84%
Missing Children Squid Kid
84%
Traders Pelt Trader
82%
Hostile Entities Wolf
82%
Missing Children Kraken Kid
79%
Monsters Ram
79%
Hostile Entities Alpha Wolf
76%
Hostile Entities Bear
76%
Monsters Bat
74%
Hostile Entities Cultist
74%
Passive Entities Bunny
71%
Traders Furniture Trader
71%
Hostile Entities Crossbow Cultist
61%
Traders Fairy
58%
Neutral Entities Mammoth
55%
Hostile Entities Polar Bear
55%
Hostile Entities Arctic Fox
53%
Hostile Entities Frog
50%
Hostile Entities Scorpion
45%
Hostile Entities Alien
39%
Hostile Entities Cultist King
37%
Hostile Entities Juggernaut Cultist
37%
Passive Entities Kiwi
37%
Hostile Entities Hellephant
26%
Passive Entities Horse
26%
Hostile Entities Meteor Crab
26%
Traders Bird Watcher
18%
No matching quizzes found
Score Distribution
Percent of People with Each Score
Percentile by Number Answered
Your Score History
You have not taken this quiz